[Event "Aeroflot Open B 2015"]
[Site "Moscú RUS"]
[Date "2015.03.27"]
[Round "1.24"]
[White "Salman, Pavel"]
[Black "Neelotpal, Das"]
[Result "0-1"]
[WhiteElo "2288"]
[BlackElo "2446"]
[PlyCount "94"]
[EventDate "2015.03.27"]
[EventRounds "9"]
[EventCountry "RUS"]
[Source "lmi"]
[SourceDate "2015.03.27"]

1. d4 Nf6 2. c4 e6 3. g3 d5 4. Nf3 dxc4 5. Qa4+ Nbd7 6. Bg2 a6 7. Qxc4 b5 8.
Qc6 Ra7 9. Be3 Bb7 10. Qc1 Nd5 11. Nc3 Be7 12. Nxd5 Bxd5 13. O-O O-O 14. Ne1 c6
15. f3 Rc7 16. Nd3 Bc4 17. Rd1 Qa8 18. Nf4 c5 19. b3 Bd5 20. Nxd5 exd5 21. dxc5
Bxc5 22. Bxc5 Rxc5 23. Qd2 Nf6 24. Bh3 Qa7 25. Qd4 Qc7 26. Bf5 a5 27. Kf2 b4
28. Qf4 Qb6 29. Qd4 Qc6 30. Rd2 g6 31. Bh3 Re8 32. Rad1 Re7 33. Bg4 Ne4+ 34.
fxe4 Rxe4 35. Bd7 Qb6 36. Qxe4 dxe4 37. Kg2 Qf6 38. Rf1 Qg5 39. Rdd1 Rc2 40.
Rde1 Rxa2 41. Be8 f5 42. Bb5 Kg7 43. h4 Qe3 44. Rc1 a4 45. Rc7+ Kh6 46. Bc4
axb3 47. Rf2 Rc2 0-1

[Event "Aeroflot Open B 2015"]
[Site "Moscú RUS"]
[Date "2015.03.27"]
[Round "1.25"]
[White "Harutyunian, Tigran K"]
[Black "Byambaa, Zulzaga"]
[Result "1-0"]
[WhiteElo "2445"]
[BlackElo "2286"]
[PlyCount "129"]
[EventDate "2015.03.27"]
[EventRounds "9"]
[EventCountry "RUS"]
[Source "lmi"]
[SourceDate "2015.03.27"]

1. c4 g6 2. d4 Bg7 3. Nc3 d6 4. Nf3 Nd7 5. g3 e5 6. Bg2 Ne7 7. O-O O-O 8. e4
exd4 9. Nxd4 Ne5 10. b3 N7c6 11. Nde2 a6 12. f4 Nd7 13. Be3 Rb8 14. Rc1 Nf6 15.
h3 Re8 16. Qd2 Bd7 17. g4 h6 18. Ng3 Bxg4 19. hxg4 Nxg4 20. Rfd1 h5 21. Nf1 Bh6
22. Nd5 Ne7 23. Bd4 Nxd5 24. cxd5 Rc8 25. Rc3 c5 26. dxc6 bxc6 27. Rd3 d5 28.
exd5 cxd5 29. Rf3 Qd6 30. Bb2 Qc5+ 31. Qd4 Re2 32. Qxc5 Rxc5 33. Rc3 Rxc3 34.
Bxc3 Bxf4 35. Rxd5 Bc7 36. Ba5 Bf4 37. Rd8+ Kg7 38. Bc3+ f6 39. Rd7+ Kh6 40.
Bd2 Bxd2 41. Rxd2 Re6 42. b4 f5 43. a4 Rb6 44. Rd4 Kg5 45. Nd2 Re6 46. Nf3+ Kf6
47. Bf1 Ne3 48. Bc4 Rc6 49. Bd3 g5 50. b5 axb5 51. axb5 Re6 52. Rd8 g4 53. Nd4
Rb6 54. Nxf5 Nxf5 55. Rf8+ Ke5 56. Rxf5+ Kd4 57. Bf1 Rh6 58. Kg2 Ke4 59. Rc5 h4
60. Rc4+ Kf5 61. Bd3+ Kg5 62. Be2 g3 63. Kh3 Re6 64. Rg4+ Kf6 65. Bc4 1-0

[Event "Aeroflot Open B 2015"]
[Site "Moscú RUS"]
[Date "2015.03.27"]
[Round "1.26"]
[White "Vojinovic, Jovana"]
[Black "Dvalishvili, Pavel S"]
[Result "1-0"]
[WhiteElo "2284"]
[BlackElo "2439"]
[PlyCount "55"]
[EventDate "2015.03.27"]
[EventRounds "9"]
[EventCountry "RUS"]
[Source "lmi"]
[SourceDate "2015.03.27"]

1. Nf3 g6 2. e4 Bg7 3. d4 d6 4. c4 Bg4 5. Be2 e5 6. d5 h5 7. h4 Bh6 8. Ng5 Bd7
9. Nc3 Na6 10. g4 hxg4 11. Bxg4 Bxg5 12. Bxd7+ Qxd7 13. Bxg5 Rh5 14. Qf3 f6 15.
Be3 Qf7 16. O-O-O Ne7 17. c5 Kf8 18. cxd6 cxd6 19. Nb5 Nc8 20. Kb1 Kg7 21. Rc1
Qd7 22. Rhg1 Rh8 23. h5 Ne7 24. Rxg6+ Nxg6 25. Rg1 Qxb5 26. Rxg6+ Kh7 27. Rh6+
Kg8 28. Qg4+ 1-0

[Event "Aeroflot Open B 2015"]
[Site "Moscú RUS"]
[Date "2015.03.27"]
[Round "1.27"]
[White "Krapivin, Alexander"]
[Black "Hakobyan, Aram"]
[Result "0-1"]
[WhiteElo "2436"]
[BlackElo "2283"]
[PlyCount "132"]
[EventDate "2015.03.27"]
[EventRounds "9"]
[EventCountry "RUS"]
[Source "lmi"]
[SourceDate "2015.03.27"]

1. Nf3 Nf6 2. b3 c5 3. Bb2 Nc6 4. e3 a6 5. Be2 d5 6. O-O Bg4 7. h3 Bh5 8. d3 e6
9. Nbd2 Be7 10. c4 O-O 11. a3 Bg6 12. Nh4 d4 13. e4 Nd7 14. Nxg6 hxg6 15. g3 g5
16. Bf3 Nde5 17. Qe2 Nxf3+ 18. Nxf3 e5 19. Kg2 g6 20. Bc1 Kg7 21. Qd2 f6 22. h4
Rh8 23. hxg5 Qd7 24. gxf6+ Bxf6 25. Ng1 Rh5 26. Kf3 Rf8 27. Ke2 Bd8 28. Kd1 b5
29. Qc2 Rh2 30. Ra2 Na5 31. Rb2 Rg2 32. Qd2 g5 33. Qe2 bxc4 34. bxc4 Qa4+ 35.
Ke1 Nb3 36. Qc2 Ba5+ 37. Kd1 Rfxf2 38. Qxf2 Rxf2 39. Rfxf2 Bc3 40. Ra2 Na1+ 41.
Ke2 Qb3 42. Kf3 Qd1+ 43. Ne2 Qxd3+ 44. Kg2 Be1 45. Rf3 Qxe4 46. Bxg5 Nc2 47.
Ng1 d3 48. Kh2 Nd4 49. Rf1 Nf5 50. Rg2 Ne3 51. Bxe3 Qxe3 52. Nf3 d2 53. Nxd2
Bxd2 54. Rgf2 Qh6+ 55. Kg2 Qc6+ 56. Kh2 e4 57. Rf7+ Kg6 58. Re7 Bg5 59. Re5 Bf6
60. Ref5 Bc3 61. R5f4 Qe6 62. R1f2 e3 63. Re2 Bd4 64. Kg2 Qxc4 65. Rxe3 Qa2+
66. Rf2 Qd5+ 0-1

[Event "Aeroflot Open B 2015"]
[Site "Moscú RUS"]
[Date "2015.03.27"]
[Round "1.28"]
[White "Kulkarni, Rakesh"]
[Black "Kashlinskaya, Alina"]
[Result "1/2-1/2"]
[WhiteElo "2282"]
[BlackElo "2436"]
[PlyCount "136"]
[EventDate "2015.03.27"]
[EventRounds "9"]
[EventCountry "RUS"]
[Source "lmi"]
[SourceDate "2015.03.27"]

1. e4 c5 2. c3 Nf6 3. e5 Nd5 4. d4 cxd4 5. Nf3 Nc6 6. cxd4 d6 7. Bc4 Nb6 8. Bb5
dxe5 9. Nxe5 Bd7 10. Nxd7 Qxd7 11. Nc3 Rd8 12. Be3 e6 13. O-O Be7 14. Qf3 O-O
15. Rac1 a6 16. Bxc6 bxc6 17. Rc2 Rc8 18. Rfc1 Rfd8 19. Qe2 Qb7 20. Ne4 Nd5 21.
Nc5 Bxc5 22. Rxc5 h6 23. Ra5 Ra8 24. b3 Ne7 25. Qg4 Nf5 26. Rac5 Rd6 27. Qe4
Rad8 28. Rxc6 Ne7 29. Rxd6 Qxe4 30. Rxd8+ Kh7 31. h3 Nf5 32. Kh1 Nh4 33. Rg1 f5
34. Rc8 f4 35. Bc1 f3 36. g3 Nf5 37. g4 Nxd4 38. Be3 Ne2 39. Rd1 h5 40. Rc4 Qg6
41. Kh2 e5 42. g5 Qe6 43. Rb4 e4 44. Rb6 Qe5+ 45. Kh1 Nf4 46. g6+ Nxg6 47. Rg1
Ne7 48. Rg5 Nf5 49. Rb7 Qa1+ 50. Kh2 Nxe3 51. fxe3 Kh6 52. h4 Qf6 53. Rbxg7
Qxg7 54. Rxg7 Kxg7 55. Kg3 Kf6 56. a3 Kf5 57. Kh3 Ke5 58. Kg3 Kd5 59. Kf2 Ke6
60. Kg3 Kf5 61. Kh3 Ke5 62. Kg3 Kd5 63. Kf2 a5 64. Kg3 Kc5 65. Kf2 a4 66. b4+
Kc4 67. Kg3 Kd5 68. Kf2 Kc4 1/2-1/2

[Event "Aeroflot Open B 2015"]
[Site "Moscú RUS"]
[Date "2015.03.27"]
[Round "1.29"]
[White "Paravyan, David"]
[Black "Pratyusha, Bodda"]
[Result "1-0"]
[WhiteElo "2436"]
[BlackElo "2270"]
[PlyCount "71"]
[EventDate "2015.03.27"]
[EventRounds "9"]
[EventCountry "RUS"]
[Source "lmi"]
[SourceDate "2015.03.27"]

1. e4 e5 2. Nf3 Nc6 3. Bb5 Nf6 4. d3 Bc5 5. Bxc6 dxc6 6. Nbd2 Qe7 7. Nc4 Bd6 8.
O-O Bg4 9. h3 Bh5 10. Ne3 Bg6 11. Nh4 O-O-O 12. Nef5 Qf8 13. Bg5 Be7 14. Qf3
Ng8 15. Bd2 Nf6 16. Bg5 Ng8 17. Be3 Kb8 18. Qg3 Bf6 19. f4 Re8 20. Qf2 b6 21.
fxe5 Rxe5 22. Bd4 Re6 23. Bxf6 Nxf6 24. Nd4 Re8 25. Nxc6+ Kb7 26. Nd4 Qc5 27.
Ndf5 Qxf2+ 28. Rxf2 Re5 29. Nxg7 Nd7 30. Ngf5 Rhe8 31. Raf1 a5 32. Nh6 f6 33.
Ng4 Rh5 34. Nxg6 hxg6 35. Nxf6 Nxf6 36. Rxf6 1-0

[Event "Aeroflot Open B 2015"]
[Site "Moscú RUS"]
[Date "2015.03.27"]
[Round "1.30"]
[White "Ruecker, Benjamin"]
[Black "Utegaliyev, Azamat"]
[Result "1/2-1/2"]
[WhiteElo "2269"]
[BlackElo "2431"]
[PlyCount "120"]
[EventDate "2015.03.27"]
[EventRounds "9"]
[EventCountry "RUS"]
[Source "lmi"]
[SourceDate "2015.03.27"]

1. d4 Nf6 2. c4 c6 3. Nc3 d5 4. cxd5 cxd5 5. Bf4 e6 6. e3 Bd6 7. Bxd6 Qxd6 8.
Nf3 a6 9. Ne5 Nfd7 10. f4 Nxe5 11. fxe5 Qe7 12. Qh5 O-O 13. Bd3 g6 14. Qh6 f6
15. O-O Nd7 16. exf6 Nxf6 17. h3 Bd7 18. Rf2 Nh5 19. Raf1 Rxf2 20. Rxf2 Rf8 21.
Rxf8+ Qxf8 22. Qxf8+ Kxf8 23. Kf2 Ke7 24. Kf3 Kf6 25. b4 Ng7 26. e4 dxe4+ 27.
Bxe4 b6 28. g4 Ne8 29. Kf4 g5+ 30. Ke3 h6 31. Bb7 a5 32. Ne4+ Ke7 33. bxa5 bxa5
34. Nc5 Bb5 35. Ba6 Bc6 36. Bb7 Bb5 37. Ba6 Bxa6 38. Nxa6 Nf6 39. a3 Nd5+ 40.
Ke4 Nc3+ 41. Kd3 Nd1 42. Ke2 Nb2 43. Nc5 a4 44. Kf3 Nc4 45. Nxa4 Nxa3 46. Nc3
Kd6 47. Ke4 Nc4 48. Nb5+ Ke7 49. Nc3 Kf6 50. d5 Nd6+ 51. Ke3 exd5 52. Nxd5+ Ke5
53. Nc3 Nc4+ 54. Kf3 Kd4 55. Ne2+ Kd3 56. Ng3 Ne5+ 57. Kf2 Nf7 58. Kf3 Ne5+ 59.
Kf2 Nf7 60. Kf3 Ne5+ 1/2-1/2

[Event "Aeroflot Open B 2015"]
[Site "Moscú RUS"]
[Date "2015.03.27"]
[Round "1.31"]
[White "Petrosyan, Manuel"]
[Black "Bayarmaa, Bayarjargal"]
[Result "1-0"]
[WhiteElo "2427"]
[BlackElo "2264"]
[PlyCount "93"]
[EventDate "2015.03.27"]
[EventRounds "9"]
[EventCountry "RUS"]
[Source "lmi"]
[SourceDate "2015.03.27"]

1. Nf3 Nf6 2. g3 g6 3. Bg2 Bg7 4. c4 d6 5. d4 O-O 6. O-O Nc6 7. Nc3 a6 8. Bd2
e5 9. dxe5 dxe5 10. Bg5 Qxd1 11. Rfxd1 h6 12. Be3 Re8 13. h3 Be6 14. b3 Rad8
15. Rac1 Bf8 16. Kh2 Kg7 17. Na4 Ba3 18. Ra1 b5 19. Bc5 Bxc5 20. Nxc5 bxc4 21.
Nxa6 cxb3 22. Nxc7 b2 23. Nxe8+ Nxe8 24. Rab1 Rxd1 25. Rxd1 Bxa2 26. Nd2 Nd4
27. e3 Nb3 28. Bd5 Nxd2 29. Bxa2 Ne4 30. Rb1 Nxf2 31. Rf1 Ne4 32. Rxf7+ Kh8 33.
Rf8+ Kg7 34. Rxe8 Nc3 35. Rxe5 Nxa2 36. Rb5 Nc3 37. Rxb2 Nd1 38. Rb3 Nf2 39.
Kg2 Ne4 40. Rb6 Kf7 41. h4 h5 42. Kf3 Nc5 43. Rd6 Kg7 44. Kf4 Kf7 45. Ke5 Nb3
46. Rd7+ Ke8 47. Rg7 1-0

[Event "Aeroflot Open B 2015"]
[Site "Moscú RUS"]
[Date "2015.03.27"]
[Round "1.32"]
[White "Kazimova, Narmin"]
[Black "Munguntuul, Batkhuyag"]
[Result "0-1"]
[WhiteElo "2262"]
[BlackElo "2426"]
[PlyCount "120"]
[EventDate "2015.03.27"]
[EventRounds "9"]
[EventCountry "RUS"]
[Source "lmi"]
[SourceDate "2015.03.27"]

1. d4 Nf6 2. c4 g6 3. Nf3 Bg7 4. g3 c5 5. Bg2 cxd4 6. Nxd4 Qc7 7. Nb5 Qd8 8.
Bf4 d6 9. N1c3 O-O 10. O-O a6 11. Na3 Nc6 12. Rc1 h6 13. h3 Kh7 14. Nc2 Qa5 15.
a3 Bd7 16. e4 Rfc8 17. b4 Qd8 18. Be3 Ne5 19. c5 Rab8 20. Qe2 b5 21. f4 Nc4 22.
Bf2 Nh5 23. Nd5 e6 24. Nb6 Nxb6 25. cxb6 e5 26. f5 Qg5 27. h4 Nxg3 28. Qd3 Rc3
29. Qxc3 Ne2+ 30. Kh1 Qxg2+ 31. Kxg2 Nxc3 32. Ne3 Nxe4 33. Rc7 Nf6 34. fxg6+
Kxg6 35. b7 Rxb7 36. Rxb7 Bc6+ 37. Kh2 Bxb7 38. Rg1+ Kh7 39. Rc1 Ne8 40. Rd1
Bf8 41. Bg3 Kg6 42. Rg1 Kf6 43. Be1 Bg7 44. Bd2 Ke6 45. Ng4 h5 46. Nf2 Bf3 47.
Re1 Nf6 48. Kg3 Bd5 49. Bg5 Bc4 50. Nh3 d5 51. Bxf6 Kxf6 52. Ng5 Ke7 53. Nf3 e4
54. Kf4 Kd6 55. Ng5 Bc3 56. Rd1 Ke7 57. Ke3 f5 58. Kf4 d4 59. Kxf5 e3 60. Nf3
Be2 0-1

[Event "Aeroflot Open B 2015"]
[Site "Moscú RUS"]
[Date "2015.03.27"]
[Round "1.33"]
[White "Sarana, Alexey"]
[Black "Zilbert, Oleg"]
[Result "1-0"]
[WhiteElo "2419"]
[BlackElo "2250"]
[PlyCount "93"]
[EventDate "2015.03.27"]
[EventRounds "9"]
[EventCountry "RUS"]
[Source "lmi"]
[SourceDate "2015.03.27"]

1. d4 g6 2. e4 Bg7 3. c4 Nc6 4. Be3 d6 5. Nc3 Nf6 6. d5 Nb8 7. h3 O-O 8. Nf3 e6
9. Be2 Re8 10. O-O exd5 11. cxd5 Na6 12. Nd4 Nc5 13. Bf3 Nfxe4 14. Nxe4 Nxe4
15. Re1 Bd7 16. Qc2 Ng5 17. Be2 Rxe3 18. fxe3 Qe7 19. Bd3 f5 20. Nf3 Nxf3+ 21.
gxf3 Qh4 22. f4 Qxh3 23. Qg2 Qxg2+ 24. Kxg2 Bxb2 25. Rab1 Bc3 26. Re2 b6 27.
Kf3 Re8 28. Rh1 Re7 29. Reh2 Bb4 30. Re2 h5 31. Rg1 Kf7 32. Rg5 Bc5 33. e4
fxe4+ 34. Rxe4 Bg4+ 35. Kg3 Rxe4 36. Bxe4 Be2 37. Bxg6+ Ke7 38. Bxh5 Bc4 39.
Rg7+ Kd8 40. Bf7 Bxa2 41. Be6 a5 42. f5 Bd4 43. Rf7 a4 44. f6 Ke8 45. Re7+ Kd8
46. Rd7+ Kc8 47. Rh7+ 1-0

[Event "Aeroflot Open B 2015"]
[Site "Moscú RUS"]
[Date "2015.03.27"]
[Round "1.34"]
[White "Gurvich, Vitaly"]
[Black "Palit, Somak"]
[Result "1/2-1/2"]
[WhiteElo "2247"]
[BlackElo "2415"]
[PlyCount "107"]
[EventDate "2015.03.27"]
[EventRounds "9"]
[EventCountry "RUS"]
[Source "lmi"]
[SourceDate "2015.03.27"]

1. d4 d6 2. Nf3 Bg4 3. c4 Nd7 4. Qb3 Qc8 5. Nbd2 e5 6. Qe3 f6 7. h3 Be6 8. b3
Nh6 9. Bb2 Be7 10. g3 O-O 11. Bg2 Nb6 12. Qd3 c5 13. e3 cxd4 14. exd4 d5 15.
cxd5 Bf5 16. Ne4 Bxe4 17. Qxe4 f5 18. Qe2 Bb4+ 19. Kf1 e4 20. Ne5 Nxd5 21. Kg1
Qe6 22. Kh2 Bc3 23. Bxc3 Nxc3 24. Qc4 Nd5 25. f3 Rac8 26. Qe2 f4 27. fxe4 fxg3+
28. Kxg3 Rc3+ 29. Kh2 Nf4 30. Qd2 Rxh3+ 31. Kg1 Rg3 32. Rh2 Ng4 33. Nxg4 Qxg4
34. Kh1 Ne2 35. Qe1 Rxg2 36. Rxg2 Qh3+ 37. Rh2 Qf3+ 38. Rg2 Nf4 39. Qg3 Nxg2
40. Qxf3 Rxf3 41. Kxg2 Re3 42. e5 Rd3 43. Rc1 Rxd4 44. e6 Rd8 45. Rc7 b6 46.
Kf3 Re8 47. Rc6 Kf8 48. Kf4 Rd8 49. Ke5 h5 50. Rc7 Rd2 51. Rc8+ Ke7 52. Rc7+
Kf8 53. Rc8+ Ke7 54. Rc7+ 1/2-1/2

[Event "Aeroflot Open B 2015"]
[Site "Moscú RUS"]
[Date "2015.03.27"]
[Round "1.35"]
[White "Glek, Igor"]
[Black "Tomashevskaya, Lidia"]
[Result "1-0"]
[WhiteElo "2410"]
[BlackElo "2232"]
[PlyCount "49"]
[EventDate "2015.03.27"]
[EventRounds "9"]
[EventCountry "RUS"]
[Source "lmi"]
[SourceDate "2015.03.27"]

1. e4 e5 2. Nf3 Nc6 3. Nc3 Nf6 4. g3 d5 5. exd5 Nxd5 6. Bg2 Nxc3 7. bxc3 Bc5 8.
O-O O-O 9. d3 Bg4 10. Qe1 Re8 11. Qe4 Qd7 12. Ng5 Bf5 13. Bh3 g6 14. Qh4 h5 15.
Bxf5 Qxf5 16. h3 Be7 17. g4 Bxg5 18. Bxg5 Qf3 19. Rae1 e4 20. Re3 Ne5 21. d4
Qxe3 22. fxe3 Nf3+ 23. Rxf3 exf3 24. gxh5 gxh5 25. Bf6 1-0

[Event "Aeroflot Open B 2015"]
[Site "Moscú RUS"]
[Date "2015.03.27"]
[Round "1.36"]
[White "Mamyrbay, Assad"]
[Black "Khanin, Semen"]
[Result "0-1"]
[WhiteElo "2222"]
[BlackElo "2408"]
[PlyCount "142"]
[EventDate "2015.03.27"]
[EventRounds "9"]
[EventCountry "RUS"]
[Source "lmi"]
[SourceDate "2015.03.27"]

1. e4 c5 2. Nf3 e6 3. d4 cxd4 4. Nxd4 Nc6 5. Nc3 Qc7 6. Be2 a6 7. O-O Nf6 8.
Be3 Be7 9. f4 d6 10. Qe1 Bd7 11. Qg3 O-O 12. Kh1 Nxd4 13. Bxd4 Bc6 14. Rae1 b5
15. a3 Rad8 16. Bd3 Qb7 17. Qh3 g6 18. f5 e5 19. Be3 Rfe8 20. Bg5 Nh5 21. f6
Bf8 22. Be2 Nf4 23. Qh4 d5 24. exd5 Bxd5 25. Nxd5 Qxd5 26. Bxf4 exf4 27. Qxf4
Re4 28. Qc7 Rde8 29. Rd1 Qe6 30. Bf3 Re1 31. Qc3 Rxf1+ 32. Rxf1 Bd6 33. Bc6 Be5
34. Qf3 Rd8 35. Rd1 Rxd1+ 36. Qxd1 Qxf6 37. Qf3 Qg5 38. g3 Qc1+ 39. Kg2 Qxc2+
40. Kh3 Bxb2 41. Bb7 Qc4 42. Kg2 Qe6 43. Bd5 Qd7 44. Bb7 Qd6 45. Bd5 Bf6 46.
Qb3 Qe7 47. Qf3 Kg7 48. Bb7 Qd6 49. Bd5 Qe5 50. Bb7 a5 51. Bd5 Qe7 52. Bc6 Qc5
53. Bd5 b4 54. axb4 Qxb4 55. Qb3 Qxb3 56. Bxb3 Bd4 57. Kf3 f5 58. h3 Kf6 59. g4
Kg5 60. Ba4 fxg4+ 61. hxg4 h5 62. gxh5 Kxh5 63. Bd7 Kg5 64. Ke4 Bb2 65. Ba4 Kf6
66. Bb3 g5 67. Bc4 a4 68. Bb5 a3 69. Bc4 Ke7 70. Kf5 Bc1 71. Ke4 Kd6 0-1

[Event "Aeroflot Open B 2015"]
[Site "Moscú RUS"]
[Date "2015.03.27"]
[Round "1.37"]
[White "Korchmar, Vasiliy"]
[Black "Nazarenus, Moritz"]
[Result "1/2-1/2"]
[WhiteElo "2405"]
[BlackElo "2217"]
[PlyCount "71"]
[EventDate "2015.03.27"]
[EventRounds "9"]
[EventCountry "RUS"]
[Source "lmi"]
[SourceDate "2015.03.27"]

1. d4 d5 2. c4 c6 3. Nf3 Nf6 4. e3 g6 5. Nbd2 Bg7 6. Bd3 O-O 7. O-O Na6 8. c5
Nc7 9. b4 a5 10. bxa5 Nd7 11. Nb3 e5 12. dxe5 Nxe5 13. Nxe5 Bxe5 14. Rb1 Qh4
15. f4 Bg7 16. Bb2 Bxb2 17. Rxb2 Re8 18. Qc1 Qe7 19. Rf3 Ne6 20. Qc3 Ng7 21. a6
bxa6 22. Nd4 Bg4 23. Rg3 Qh4 24. Nxc6 Nh5 25. Rb7 Nxg3 26. hxg3 Qxg3 27. Ne7+
Rxe7 28. Rxe7 Qh4 29. Rb7 Re8 30. c6 d4 31. Qxd4 Qe1+ 32. Kh2 Qh4+ 33. Kg1 Qe1+
34. Kh2 Qh4+ 35. Kg1 Qe1+ 36. Kh2 1/2-1/2

[Event "Aeroflot Open B 2015"]
[Site "Moscú RUS"]
[Date "2015.03.27"]
[Round "1.38"]
[White "Baterdene, Tsogbayar"]
[Black "Abdyjapar, Asyl"]
[Result "1/2-1/2"]
[WhiteElo "2196"]
[BlackElo "2400"]
[PlyCount "120"]
[EventDate "2015.03.27"]
[EventRounds "9"]
[EventCountry "RUS"]
[Source "lmi"]
[SourceDate "2015.03.27"]

1. e4 c5 2. Nf3 d6 3. d4 cxd4 4. Nxd4 Nf6 5. Nc3 g6 6. Be3 Bg7 7. f3 O-O 8. Qd2
Nc6 9. Bc4 Bd7 10. Nxc6 Bxc6 11. O-O Qc8 12. Bb3 b5 13. Ne2 a5 14. c3 a4 15.
Bc2 Qb7 16. Nd4 Bd7 17. Bd3 Rfd8 18. Qe2 Rab8 19. Rfd1 h6 20. Rab1 e5 21. Nc2
d5 22. exd5 Nxd5 23. c4 bxc4 24. Bxc4 Nxe3 25. Nxe3 Bc6 26. Rxd8+ Rxd8 27. Rd1
Rxd1+ 28. Qxd1 Qb6 29. Qd3 e4 30. fxe4 Bd4 31. Kf2 Qxb2+ 32. Kf3 Kg7 33. Nc2
Be5 34. Bxf7 Bxh2 35. Qd4+ Be5 36. Qxb2 Bxb2 37. Bd5 Bd7 38. Ne3 Kf6 39. Nc4
Bd4 40. Ke2 h5 41. Kd3 Ba1 42. Nb6 Bb5+ 43. Bc4 Be8 44. Nd5+ Ke5 45. Nc7 Bc6
46. Bd5 Bd7 47. Bf7 Kf6 48. Be8 Bxe8 49. Nxe8+ Kg5 50. Nc7 Kf4 51. Nd5+ Kg3 52.
Nc3 Kxg2 53. Kc2 h4 54. e5 Bxc3 55. Kxc3 h3 56. e6 h2 57. e7 h1=Q 58. e8=Q Qa1+
59. Kb4 Qd4+ 60. Ka3 g5 1/2-1/2

[Event "Aeroflot Open B 2015"]
[Site "Moscú RUS"]
[Date "2015.03.27"]
[Round "1.39"]
[White "Baghdasaryan, Vahe"]
[Black "Zherebtsova, Alexandra"]
[Result "1-0"]
[WhiteElo "2400"]
[BlackElo "2184"]
[PlyCount "33"]
[EventDate "2015.03.27"]
[EventRounds "9"]
[EventCountry "RUS"]
[Source "lmi"]
[SourceDate "2015.03.27"]

1. Nf3 d5 2. g3 Nf6 3. Bg2 Bf5 4. c4 c6 5. O-O e6 6. cxd5 exd5 7. d3 Bc5 8. Qb3
Qb6 9. Qc2 Na6 10. Nc3 Nb4 11. Qd2 Ng4 12. Qf4 Bxf2+ 13. Kh1 Be6 14. Ng5 Qd4
15. Nxe6 fxe6 16. Bh3 Nc2 17. Rb1 1-0

[Event "Aeroflot Open B 2015"]
[Site "Moscú RUS"]
[Date "2015.03.27"]
[Round "1.40"]
[White "Derakhshani, Dorsa"]
[Black "Pasiev, Rakhim"]
[Result "1/2-1/2"]
[WhiteElo "2169"]
[BlackElo "2400"]
[PlyCount "49"]
[EventDate "2015.03.27"]
[EventRounds "9"]
[EventCountry "RUS"]
[Source "lmi"]
[SourceDate "2015.03.27"]

1. e4 e6 2. d4 d5 3. Nc3 Bb4 4. e5 c5 5. a3 Bxc3+ 6. bxc3 Qc7 7. Qg4 Ne7 8. Bd3
cxd4 9. Ne2 dxc3 10. Qxg7 Rg8 11. Qxh7 Qxe5 12. Bf4 Qf6 13. h4 Rxg2 14. Bg3
Nbc6 15. O-O-O e5 16. Nxc3 Bg4 17. Nxd5 Nxd5 18. Qg8+ Ke7 19. Qxa8 e4 20. Qxb7+
Kf8 21. Bxe4 Qa1+ 22. Kd2 Qc3+ 23. Kc1 Qa1+ 24. Kd2 Qd4+ 25. Kc1 1/2-1/2

[Event "Aeroflot Open B 2015"]
[Site "Moscú RUS"]
[Date "2015.03.28"]
[Round "2.1"]
[White "Harutyunian, Tigran K"]
[Black "Rozum, Ivan"]
[Result "1/2-1/2"]
[WhiteElo "2445"]
[BlackElo "2545"]
[PlyCount "36"]
[EventDate "2015.03.27"]
[EventRounds "9"]
[EventCountry "RUS"]
[Source "lmi"]
[SourceDate "2015.03.27"]

1. c4 c5 2. g3 Nc6 3. Bg2 g6 4. Nc3 Bg7 5. Nf3 d6 6. O-O Bf5 7. a3 Qd7 8. Re1
Nf6 9. d3 O-O 10. Rb1 Rac8 11. b4 b6 12. Bd2 Bh3 13. Bh1 Nd4 14. bxc5 bxc5 15.
Nxd4 cxd4 16. Nd5 Nxd5 17. Bxd5 Rb8 18. Qc2 Bg4 1/2-1/2

[Event "Aeroflot Open B 2015"]
[Site "Moscú RUS"]
[Date "2015.03.28"]
[Round "2.2"]
[White "Paravyan, David"]
[Black "Bortnyk, Olexandr"]
[Result "1-0"]
[WhiteElo "2436"]
[BlackElo "2543"]
[PlyCount "79"]
[EventDate "2015.03.27"]
[EventRounds "9"]
[EventCountry "RUS"]
[Source "lmi"]
[SourceDate "2015.03.27"]

1. d4 d5 2. c4 dxc4 3. Nf3 Nf6 4. e3 e6 5. Bxc4 a6 6. O-O b5 7. Be2 Bb7 8. a4
b4 9. Nbd2 Nbd7 10. Nc4 c5 11. Nfe5 Be7 12. Bf3 Nxe5 13. dxe5 Qxd1 14. Rxd1
Bxf3 15. gxf3 Nd7 16. e4 O-O-O 17. Be3 f6 18. f4 g5 19. exf6 Nxf6 20. fxg5 Nxe4
21. h4 Kb7 22. Rxd8 Rxd8 23. Re1 Kc6 24. Bf4 Rd4 25. Na5+ Kd7 26. Be5 Nd2 27.
Bxd4 Nf3+ 28. Kf1 cxd4 29. Rd1 e5 30. Ke2 Nxh4 31. f4 exf4 32. Rxd4+ Ke6 33.
Re4+ Kd7 34. Rxf4 Ng6 35. Rf7 Ke6 36. Rxh7 Nf4+ 37. Kd1 Nd3 38. Kc2 Nc5 39. Nb3
Nxa4 40. Nc1 1-0

[Event "Aeroflot Open B 2015"]
[Site "Moscú RUS"]
[Date "2015.03.28"]
[Round "2.3"]
[White "Petrosyan, Manuel"]
[Black "Yudin, Sergei"]
[Result "1/2-1/2"]
[WhiteElo "2427"]
[BlackElo "2534"]
[PlyCount "36"]
[EventDate "2015.03.27"]
[EventRounds "9"]
[EventCountry "RUS"]
[Source "lmi"]
[SourceDate "2015.03.27"]

1. c4 e6 2. g3 d5 3. Bg2 Nf6 4. Nf3 dxc4 5. Qa4+ Nbd7 6. Qxc4 a6 7. Qb3 c5 8.
a4 Rb8 9. a5 Bd6 10. d3 Bc7 11. Bd2 O-O 12. O-O Nd5 13. Qa4 b5 14. axb6 N7xb6
15. Qc2 Bd6 16. Na3 Nb4 17. Qc1 Bb7 18. Bf4 Bd5 1/2-1/2

[Event "Aeroflot Open B 2015"]
[Site "Moscú RUS"]
[Date "2015.03.28"]
[Round "2.4"]
[White "Kovalev, Vladislav"]
[Black "Sarana, Alexey"]
[Result "1/2-1/2"]
[WhiteElo "2531"]
[BlackElo "2419"]
[PlyCount "33"]
[EventDate "2015.03.27"]
[EventRounds "9"]
[EventCountry "RUS"]
[Source "lmi"]
[SourceDate "2015.03.27"]

1. d4 Nf6 2. Nc3 d5 3. Bf4 g6 4. Qd2 Bg7 5. Bh6 O-O 6. O-O-O Qd6 7. Bxg7 Kxg7
8. f3 c6 9. e4 dxe4 10. fxe4 e5 11. Nf3 Nbd7 12. dxe5 Qxd2+ 13. Rxd2 Ng4 14. e6
fxe6 15. Bc4 Nde5 16. Be2 b6 17. Rf1 1/2-1/2

[Event "Aeroflot Open B 2015"]
[Site "Moscú RUS"]
[Date "2015.03.28"]
[Round "2.5"]
[White "Munguntuul, Batkhuyag"]
[Black "Khusnutdinov, Rustam"]
[Result "1/2-1/2"]
[WhiteElo "2426"]
[BlackElo "2490"]
[PlyCount "28"]
[EventDate "2015.03.27"]
[EventRounds "9"]
[EventCountry "RUS"]
[Source "lmi"]
[SourceDate "2015.03.27"]

1. e4 e6 2. d4 d5 3. exd5 exd5 4. Nf3 Nc6 5. Bb5 Bd6 6. O-O Nge7 7. Bg5 f6 8.
Bh4 O-O 9. c3 a6 10. Bd3 Bf5 11. Qc2 Qd7 12. Nbd2 Bxd3 13. Qxd3 Qf5 14. Qxf5
Nxf5 1/2-1/2

[Event "Aeroflot Open B 2015"]
[Site "Moscú RUS"]
[Date "2015.03.28"]
[Round "2.7"]
[White "Khanin, Semen"]
[Black "Kotanjian, Tigran"]
[Result "1/2-1/2"]
[WhiteElo "2408"]
[BlackElo "2482"]
[PlyCount "120"]
[EventDate "2015.03.27"]
[EventRounds "9"]
[EventCountry "RUS"]
[Source "lmi"]
[SourceDate "2015.03.27"]

1. e4 c5 2. Nf3 Nc6 3. Bb5 g6 4. Bxc6 bxc6 5. O-O Bg7 6. Re1 Qc7 7. h3 d6 8. c3
Nf6 9. d4 cxd4 10. cxd4 O-O 11. Nc3 c5 12. e5 dxe5 13. dxe5 Rd8 14. Qa4 Ne8 15.
Qf4 Bf5 16. b3 Qc6 17. Ba3 Nc7 18. Qa4 Qb7 19. Ne4 Bxe4 20. Qxe4 Qxe4 21. Rxe4
Ne6 22. Rc1 Rd5 23. Kf1 Rad8 24. g3 Bh6 25. Rc3 R8d7 26. Ke2 Bd2 27. Rc2 Ba5
28. Bb2 h5 29. Bc1 Bc7 30. Bb2 Kg7 31. h4 Ba5 32. Ra4 Bb6 33. Re4 Kf8 34. Rd2
Ba5 35. Rxd5 Rxd5 36. Ra4 Bb6 37. Rc4 Ke8 38. Ne1 Kd7 39. Nd3 Ke8 40. Ke3 Rd7
41. Ba3 Rc7 42. Ke4 Kd8 43. Bc1 f5+ 44. exf6 exf6 45. Be3 Ke7 46. Rc2 Kf7 47.
Nb2 f5+ 48. Kd5 Rd7+ 49. Kc4 f4 50. gxf4 Nxf4 51. Kb5 Ne6 52. Nc4 Bc7 53. Kc6
Re7 54. Nd6+ Bxd6 55. Kxd6 Nd4 56. Rxc5 Nf5+ 57. Kd5 Nxh4 58. Bg5 Rd7+ 59. Kc6
Rd4 60. Bxh4 Rxh4 1/2-1/2